و قت کی ا ہميت (Record no. 174427)

MARC details
000 -LEADER
fixed length control field 00672nam a22001937a 4500
005 - DATE AND TIME OF LATEST TRANSACTION
control field 20200615151208.0
010 ## - LCCN (DPL NO)
LC control number UR-10793
020 ## - INTERNATIONAL STANDARD BOOK NUMBER
Terms of availability 54.00
International Standard Book Number -
035 ## - SYSTEM CONTROL NUMBER
System control number U-9348
037 ## - SOURCE OF ACQUISITION
Source of stock number/acquisition DBAD/PUB
082 ## - DEWEY DECIMAL CLASSIFICATION NUMBER
Classification number 270
100 ## - MAIN ENTRY--PERSONAL NAME
Personal name علا مہ يو سف ا لقر ضا و ی
245 ## - TITLE STATEMENT
Title و قت کی ا ہميت
Statement of responsibility, etc علا مہ يو سف ا لقر ضا و ی
246 ## - VARYING FORM OF TITLE
Remainder of title Waqt KiAhmmiyat (Urdu)
Title proper/short title by Allama Yusuf Ali
260 ## - PUBLICATION, DISTRIBUTION, ETC. (IMPRINT)
Place of publication, distribution, etc N.Delhi
Name of publisher, distributor, etc Markazi Maktaba Islami Publishers
Date of publication, distribution, etc 2015 ء
270 ## - ADDRESS
Address D-307,Dawat Nagar Abulfazal Enclave Jamia Nagar,
City N.Delhi
Postal code 110025
Telephone number 26981652
Fax number -
300 ## - PHYSICAL DESCRIPTION
Extent 120 ص
Dimensions 22 Cm(Hb)
942 ## - ADDED ENTRY ELEMENTS (KOHA)
Source of classification or shelving scheme Dewey Decimal Classification
Item type Urdu Bks
Classification part 270
Call number suffix ی و س
Holdings
Withdrawn status Lost status Not for loan Collection code Home library Current library Date acquired Source of acquisition Cost, normal purchase price Full call number Barcode Copy number Cost, replacement price Koha item type
      Non-fiction D.B.Act.Division D.B.Act.Division 15/06/2020 DBAD/PUB 54.00 270 ی و س U-9348 1 54.00 Urdu Bks

© Delhi Public Library
Hit Counter
free hit counter